Complex variables and applications (Record no. 3507)

000 -LEADER
fixed length control field 00586nam a22002297a 4500
001 - CONTROL NUMBER
control field 3507
003 - CONTROL NUMBER IDENTIFIER
control field BD-DhUET
008 - FIXED-LENGTH DATA ELEMENTS--GENERAL INFORMATION
fixed length control field 141101b xxu||||| |||| 00| 0 eng d
020 ## - INTERNATIONAL STANDARD BOOK NUMBER
International Standard Book Number 0070108552
040 ## - CATALOGING SOURCE
Transcribing agency 0
Modifying agency BD-DhUET
082 ## - DEWEY DECIMAL CLASSIFICATION NUMBER
Classification number 517.8
Item number CHU/1974
100 ## - MAIN ENTRY--PERSONAL NAME
Personal name Churchill, Ruel V.
245 ## - TITLE STATEMENT
Title Complex variables and applications
250 ## - EDITION STATEMENT
Edition statement 3rd ed.
260 ## - PUBLICATION, DISTRIBUTION, ETC. (IMPRINT)
Place of publication, distribution, etc. New York
Name of publisher, distributor, etc. McGraw-Hill
Date of publication, distribution, etc. 1974
300 ## - PHYSICAL DESCRIPTION
Extent x, 332 p.
Other physical details ill.
Dimensions 23 cm.
504 ## - BIBLIOGRAPHY, ETC. NOTE
Bibliography, etc Includes bibliographies
650 #0 - SUBJECT ADDED ENTRY--TOPICAL TERM
Topical term or geographic name as entry element Complex variables
700 ## - ADDED ENTRY--PERSONAL NAME
Personal name Brown, James W.
700 ## - ADDED ENTRY--PERSONAL NAME
Personal name Verhey, Roger F.
942 ## - ADDED ENTRY ELEMENTS (KOHA)
Koha item type General Book
Holdings
Koha item type Piece designation (barcode) Koha full call number Copy number Koha renewals Damaged status Sublocation or collection (holding branch) Lost status Source of classification or shelving scheme Koha normalized classification for sorting Price effective from Date acquired Withdrawn status Shelving location Koha date last borrowed Not for loan Location (home branch) Koha date last seen
General Book39411517.8/CHU/19741  Central Library, BUET  517_800000000000000_CHU_19742014-11-012014-11-01 Circulation section  Central Library, BUET2014-11-01
General Book43301517.8/CHU/19742  Central Library, BUET  517_800000000000000_CHU_19742014-11-012014-11-01 Circulation section  Central Library, BUET2014-11-01
General Book45109517.8/CHU/19743  Central Library, BUET  517_800000000000000_CHU_19742014-11-012014-11-01 Circulation section  Central Library, BUET2014-11-01
General Book52889517.8/CHU/19744  Central Library, BUET  517_800000000000000_CHU_19742014-11-012014-11-01 Circulation section  Central Library, BUET2016-05-18
General Book37655517.8/CHU/19745  Central Library, BUET  517_800000000000000_CHU_19742014-11-172014-11-17 Circulation section  Central Library, BUET2016-04-02
General Book58032517.8/CHU/197462 Central Library, BUET  517_800000000000000_CHU_19742014-11-172014-11-17 Circulation section  Central Library, BUET2016-08-30
General Book52887517.8/CHU/19747  Central Library, BUET  517_800000000000000_CHU_19742015-05-032015-05-03 Circulation section0000-00-00 Central Library, BUET2015-05-03
General Book37654517.8/CHU/19748  Central Library, BUET  517_800000000000000_CHU_19742015-05-032015-05-03 Circulation section  Central Library, BUET2015-05-03
General Book39412517.8/CHU/19749  Central Library, BUET  517_800000000000000_CHU_19742015-05-042015-05-04 Circulation section  Central Library, BUET2015-05-04
General Book58033517.8/CHU/197410  Central Library, BUET  517_800000000000000_CHU_19742015-05-202015-05-20 Circulation section  Central Library, BUET2015-05-20
Reading Item24535517.8/CHU/197411  Central Library, BUET  517_800000000000000_CHU_19742015-06-132015-06-13 Reading section  Central Library, BUET2015-06-13
General Book43304517.8/CHU/197412  Central Library, BUET  517_800000000000000_CHU_19742015-07-132015-07-13 Circulation section  Central Library, BUET2015-07-13